Представление документа в формате RUSMARC

ПолеНазваниеЗначение
  Тип записи a
  Библиографический уровень m
001 Контрольный номер RU/SLIB/B/208732309
005 Дата корректировки 20250213092138.4
010 Индекс ISBN __
a ISBN 5-85270-165-3
d Цена 153-72
101 Язык документа 0_
a Язык текста rus
c Язык оригинала rus
200 Заглавие и сведения об ответственности 0_
a Заглавие Популярный юридический энциклопедический словарь
f Первые сведения об ответственности редкол.: О. Е. Кутафин, В. А. Туманов, И. В. Шмаров
b Общее обозначение материала Текст
210 Выходные данные 1_
a Место издания М.
c Издательство Большая Рос. энцикл.
d Дата издания 2000
215 Физическое описание __
a Объем 799 с.
225 Серия 2_
a Серия Энциклопедия словарей
330 Аннотация __
a Аннотация Словарь содержит объяснение юридических терминов и понятий из области права и его отраслях. В статьях словаря указаны соответствующие законы и их статьи.
606 Тематические рубрики __
a Основная рубрика Право
606 Тематические рубрики __
a Основная рубрика Конституционное (государственное) право в целом
606 Тематические рубрики __
a Основная рубрика Гражданское право в целом
606 Тематические рубрики __
a Основная рубрика Уголовное право в целом
606 Тематические рубрики __
a Основная рубрика Административное право в целом
606 Тематические рубрики __
a Основная рубрика Международное право в целом
606 Тематические рубрики __
a Основная рубрика Семейное право
610 Ключевые слова 0_
a Ключевые слова международное частное право; толкование слов; слова; термины; специальная терминология; юридическая терминология
686 Индексы других классификаций __
a Классификационный индекс 67я2 ; ст67я2
702 Вторичная интеллектуальная ответственность _1
a Фамилия Кутафин
b Имя О. Е.
4 Код отношения Редактор
4 Код отношения 340
702 Вторичная интеллектуальная ответственность _1
a Фамилия Туманов
b Имя В. А.
4 Код отношения Редактор
4 Код отношения 340
702 Вторичная интеллектуальная ответственность _1
a Фамилия Шмаров
b Имя И. В.
4 Код отношения Редактор
4 Код отношения 340
801 Источник записи _0
a Страна RU
b Организация Муниципальное бюджетное учреждение культуры "Централизованная библиотечная система" г. Сургут (Центральная городская библиотека им. А. С. Пушкина)
g Правила каталогизации КиК/Тесленко
801 Источник записи _1
a Страна RU
b Организация Муниципальное бюджетное учреждение культуры "Централизованная библиотечная система" г. Сургут (Центральная городская библиотека им. А. С. Пушкина)
g Правила каталогизации КиК/Тесленко
852 Данные о местонахождении __
j Шифр хранения 67я2
i Авторский знак П 58
901 Тип документа __
t Тип документа m
903 Характеристики (МАРС) __
a Дата передачи 20021129
969 Тип издания __
a Тип издания словарь
990 Данные о заказе (DOS) __
j Количество экземпляров (DOS) 6
t N записи в КСУ для И/У (DOS) 200212